000 01628nam0a2200313 4500
001 RU\NLR\BIBL_A\011887337
005 20181224124202.0
010 _a978-5-8243-2265-1
_91000
021 _aRU
_bКН-П-18-6375
_9КН-П-18-087841
035 _a(NLR Aleph) 011887337
090 _a10812000
_c10812000
100 _a20181210d2018 k y0rusy50 ca
101 0 _arus
102 _aRU
105 _aa|||zzzz000zy
200 1 _aПовседневная жизнь советского крестьянства периода позднего сталинизма, 1945-1953 гг.
_eна материалах Куйбышевской и Ульяновской областей
_fОлег Хасянов
_g[Совет при Президенте Российской Федерации по развитию гражданского общества и правам человека и др.]
210 _aМосква
_cРОССПЭН
_d2018
215 _a358, [1] с.
_cил., портр., табл.
_d23
225 1 _aИстория сталинизма
_fред. совет: Й. Баберовски [и др.]
300 _aНа 4-й с. обл. авт.: Олег Хасянов, д.ист.н., доц.
320 _aБиблиогр.: с. 311-348 и в подстроч. примеч.
606 1 _aКрестьянство
_yСССР
_z1945 - 1953
_2nlr_sh2
_3RU\NLR\AUTH\6601646700
686 1 _aТ3(2)723-283
700 1 _aХасянов
_bО. Р.
_gОлег Ренатович
942 _cBOOK
980 _aNBR
980 _aNB